<?xml version="1.0" encoding="UTF-8"?><?xml-stylesheet type="text/xsl" href="static/style.xsl"?><OAI-PMH xmlns="http://www.openarchives.org/OAI/2.0/" xmlns:xsi="http://www.w3.org/2001/XMLSchema-instance" xsi:schemaLocation="http://www.openarchives.org/OAI/2.0/ http://www.openarchives.org/OAI/2.0/OAI-PMH.xsd"><responseDate>2026-06-03T23:33:37Z</responseDate><request verb="GetRecord" identifier="oai:riuma.uma.es:10630/19153" metadataPrefix="marc">https://riuma.uma.es/rest/oai/request</request><GetRecord><record><header><identifier>oai:riuma.uma.es:10630/19153</identifier><datestamp>2026-02-03T10:25:54Z</datestamp><setSpec>com_10630_1685</setSpec><setSpec>col_10630_38055</setSpec></header><metadata><record xmlns="http://www.loc.gov/MARC21/slim" xmlns:dcterms="http://purl.org/dc/terms/" xmlns:doc="http://www.lyncode.com/xoai" xmlns:xsi="http://www.w3.org/2001/XMLSchema-instance" xsi:schemaLocation="http://www.loc.gov/MARC21/slim http://www.loc.gov/standards/marcxml/schema/MARC21slim.xsd">
   <leader>00925njm 22002777a 4500</leader>
   <datafield ind2=" " ind1=" " tag="042">
      <subfield code="a">dc</subfield>
   </datafield>
   <datafield ind2=" " ind1=" " tag="720">
      <subfield code="a">Cabello Toscano, María del Rocío</subfield>
      <subfield code="e">author</subfield>
   </datafield>
   <datafield ind2=" " ind1=" " tag="260">
      <subfield code="c">2020-01-13</subfield>
   </datafield>
   <datafield ind2=" " ind1=" " tag="520">
      <subfield code="a">El cáncer se cobró 18,1 millones de muertes a nivel mundial en 2018 y $87,8 billones para cuidados de salud durante el&#xd;
año 2014 en EEUU. El tremendo impacto que esta enfermedad supone a nivel mundial, junto con la disponibilidad cada&#xd;
vez mayor de datos genómicos y transcriptómicos, han potenciado el interés en incorporar tecnologías de vanguardia,&#xd;
como es el Aprendizaje Profundo (AI), a la lucha contra el cáncer. AI ha destacado en los últimos años, particularmente&#xd;
por el rendimiento de los modelos de Redes Neuronales Convolucionales (RNC) en reconocimiento de imágenes. El&#xd;
problema para el cual todos los modelos de este proyecto han sido entrenados es la predicción de supervivencia en&#xd;
cáncer en un conjunto discreto de intervalos de tiempo a partir de datos de RNA-Seq, debido a la importancia que&#xd;
el análisis de la supervivencia tiene en cuanto al estudio de los tratamientos contra el cáncer y su mejora. La propia&#xd;
naturaleza de los datos biológicos trae consigo algunos inconvenientes cuando se usan para entrenar modelos de&#xd;
RNC. Estos datos normalmente est´an formados por un número mucho mayor de variables (M) que de observaciones&#xd;
(N). Esto se conoce como la maldición de la dimensionalidad (en inglés, the Curse of Dimensionality) (M>>N). Otro&#xd;
inconveniente es la falta, a priori, de información espacial entre las variables biológicas. RNC son un tipo de modelo&#xd;
concreto de Aprendizaje Profundo que está especialmente pensado para el procesado de imágenes, en las cuales los&#xd;
píxeles que las componen se relacionan con sus píxeles vecinos. Esta relación se usa en las RNC para extraer más&#xd;
conocimientos de las observaciones y tener, en consecuencia, un mejor rendimiento. En este proyecto se proponen&#xd;
algunas estrategias para tratar de resolver estos dos inconvenientes. Con el objetivo de equipar a los perfiles de expresión&#xd;
génica con estructura, cinco estrategias han sido propuestas, aplicadas y comparadas. ...</subfield>
   </datafield>
   <datafield ind1="8" ind2=" " tag="024">
      <subfield code="a">https://hdl.handle.net/10630/19153</subfield>
   </datafield>
   <datafield tag="653" ind2=" " ind1=" ">
      <subfield code="a">Cáncer - Estadísticas</subfield>
   </datafield>
   <datafield tag="653" ind2=" " ind1=" ">
      <subfield code="a">Ingeniería biomédica</subfield>
   </datafield>
   <datafield tag="653" ind2=" " ind1=" ">
      <subfield code="a">Informática - Trabajos Fin de Grado</subfield>
   </datafield>
   <datafield tag="653" ind2=" " ind1=" ">
      <subfield code="a">Grado en Ingeniería de la Salud - Trabajos Fin de Grado</subfield>
   </datafield>
   <datafield ind2="0" ind1="0" tag="245">
      <subfield code="a">Aprendizaje profundo aplicado a problemas de predicción de supervivencia en cáncer</subfield>
   </datafield>
</record>
</metadata></record></GetRecord></OAI-PMH>